<?xml version="1.0" encoding="UTF-8"?><?xml-stylesheet type="text/xsl" href="static/style.xsl"?><OAI-PMH xmlns="http://www.openarchives.org/OAI/2.0/" xmlns:xsi="http://www.w3.org/2001/XMLSchema-instance" xsi:schemaLocation="http://www.openarchives.org/OAI/2.0/ http://www.openarchives.org/OAI/2.0/OAI-PMH.xsd"><responseDate>2026-04-13T04:10:11Z</responseDate><request verb="GetRecord" identifier="oai:www.recercat.cat:2117/446770" metadataPrefix="marc">https://recercat.cat/oai/request</request><GetRecord><record><header><identifier>oai:recercat.cat:2117/446770</identifier><datestamp>2025-11-23T05:49:15Z</datestamp><setSpec>com_2072_1033</setSpec><setSpec>col_2072_452951</setSpec></header><metadata><record xmlns="http://www.loc.gov/MARC21/slim" xmlns:dcterms="http://purl.org/dc/terms/" xmlns:xsi="http://www.w3.org/2001/XMLSchema-instance" xmlns:doc="http://www.lyncode.com/xoai" xsi:schemaLocation="http://www.loc.gov/MARC21/slim http://www.loc.gov/standards/marcxml/schema/MARC21slim.xsd">
   <leader>00925njm 22002777a 4500</leader>
   <datafield ind2=" " ind1=" " tag="042">
      <subfield code="a">dc</subfield>
   </datafield>
   <datafield ind2=" " ind1=" " tag="720">
      <subfield code="a">Carrillo Vilà, Jordi</subfield>
      <subfield code="e">author</subfield>
   </datafield>
   <datafield ind2=" " ind1=" " tag="260">
      <subfield code="c">2025-10-23</subfield>
   </datafield>
   <datafield ind2=" " ind1=" " tag="520">
      <subfield code="a">This thesis evaluates low-order loss-prediction methods for axial gas-turbine compressors by benchmarking them against high-fidelity CFD data to assess suitability for preliminary design. Four representative correlations are evaluated: Ainley &amp; Mathieson (AM), Dunham &amp; Came, Storer &amp; Cumpsty (SC) and Banjac et al. (Ban). Pyhton-based post-processing of wall-resolving large eddy simulation (WRLES) data was conducted to obtain pressure loss coefficient and spanwise distributions. ParaView was used for diagnostic visualization. WRLESindicates a loss distribution dominated by the tip region, with smaller hub and midspan contributions. Two-dimensional velocity and pressure loss fields corroborate concentrated dissipation near endwall regions, particularly at the blade tip and casing, where intense flow mixing occurs. Comparisons reveal heterogeneous fidelity across models. While AM reproduces the overall loss magnitude reasonably well, it tends to misallocate the loss mechanism by underweighting tip-driven contributions. DC incorporated Mach and Reynolds number corrections with revised secondary and clearance terms. However, overall losses are overestimated while it still undervalues tip clearance and endwall effects. SC, which focuses on tip clearance mixing, predicts losses far below CFD results for the present geometry and operating point. Such discrepancy persists despite the efforts and verification checks. Ban formulation best captures isolated tip-clearance loss (approximately ten percent deviation) but returns unrealistically high spanwise distribution of additional losses. Collectively, the results show that legacy turbine-based correlations can predict reasonably accurate total compressor losses yet misattribute the dominant sources. In contrast, modern compressor-specific formulations display strong sensitivity to boundary layer conditions and input assumptions. While other loss-prediction methods may prevail, low-order correlations still remain a widespread tool for design validation to balance speed with high physical fidelity.</subfield>
   </datafield>
   <datafield ind1="8" ind2=" " tag="024">
      <subfield code="a">http://hdl.handle.net/2117/446770</subfield>
   </datafield>
   <datafield tag="653" ind2=" " ind1=" ">
      <subfield code="a">Àrees temàtiques de la UPC::Enginyeria mecànica::Motors::Turbomàquines</subfield>
   </datafield>
   <datafield tag="653" ind2=" " ind1=" ">
      <subfield code="a">Àrees temàtiques de la UPC::Física::Termodinàmica</subfield>
   </datafield>
   <datafield tag="653" ind2=" " ind1=" ">
      <subfield code="a">Gas-turbines</subfield>
   </datafield>
   <datafield tag="653" ind2=" " ind1=" ">
      <subfield code="a">Compressors</subfield>
   </datafield>
   <datafield tag="653" ind2=" " ind1=" ">
      <subfield code="a">Computational fluid dynamics</subfield>
   </datafield>
   <datafield tag="653" ind2=" " ind1=" ">
      <subfield code="a">Turbines de gas</subfield>
   </datafield>
   <datafield tag="653" ind2=" " ind1=" ">
      <subfield code="a">Compressors</subfield>
   </datafield>
   <datafield tag="653" ind2=" " ind1=" ">
      <subfield code="a">Dinàmica de fluids computacional</subfield>
   </datafield>
   <datafield ind2="0" ind1="0" tag="245">
      <subfield code="a">Study on gas turbine compressor efficiency modelling</subfield>
   </datafield>
</record></metadata></record></GetRecord></OAI-PMH>